=LDR 00000nam 2200000 4500 =001 INLIS000000000013522 =005 20130612104912 =008 ***********************************Ind** =035 ##$$0010-061300000013522 =041 ##$$a Ind =082 ##$$a 310.04 =090 ##$$a 310.04, Rid s =100 ##$$a Ridwan =245 ##$$a Statistik untuk lembaga dan instansi pemerintah/swasta, Ridwan =260 ##$$a 2004 $b Bandung =300 ##$$a 308 hlm, Ilus, 21 cm =650 ##$$a Statistika - Lembaga dan instansi pemerintah swasta =850 ##$$a NBPNMAT